Manorama Year Book (Record no. 21310)

MARC details
000 -LEADER
fixed length control field 00330nam a2200145Ia 4500
008 - FIXED-LENGTH DATA ELEMENTS--GENERAL INFORMATION
fixed length control field 220531s9999 xx 000 0 und d
041 ## - LANGUAGE CODE
Language code of text/sound track or separate title eng
245 ## - TITLE STATEMENT
Title Manorama Year Book
260 ## - PUBLICATION, DISTRIBUTION, ETC. (IMPRINT)
Name of publisher, distributor, etc. Malayala
Date of publication, distribution, etc. 1995
300 ## - PHYSICAL DESCRIPTION
Extent 799
542 ## - INFORMATION RELATING TO COPYRIGHT STATUS
Copyright holder 14-02-1997
650 ## - SUBJECT ADDED ENTRY--TOPICAL TERM
Topical term or geographic name as entry element Genral
9 (RLIN) 34600
906 ## - LOCAL DATA ELEMENT F, LDF (RLIN)
d 1996-1997
Holdings
Withdrawn status Lost status Source of classification or shelving scheme Damaged status Not for loan Home library Current library Date acquired Vendor Cost, normal purchase price Total Checkouts Total Holds Full call number Barcode Date last seen Bill Date Koha item type Original Barcode
    Dewey Decimal Classification     Shri Siddhivinayak Mahila Mahavidyalaya Shri Siddhivinayak Mahila Mahavidyalaya 22/02/1997 Diamond 55.00   1 /-/B/2291 SSMM-BK-2291 06/08/2022 06/08/2022 Books 010002291